000 00611nam a2200145Ia 4500
008 220216s9999 xx 000 0 und d
100 _aSupriya R
245 0 _aIdentification and molecular characterization of multiple forms of a-1,3-Glucanase gene promoter from Hevea brasiliensis through inverse PCR
260 _bIRC 2012. International Rubber Conference, 28-31 October 2012, Kovalam, India, Rubber Research Institute of India, Kottayam and IRRDB, Malaysia: Abstracts. pp.88.
650 _aMolecular characterization
650 _aPCR
700 _aSaleena A
700 _aThulaseedharan A
942 _cJS
999 _c60595
_d60595